[Event "Olympiad-42"]
[Site "Baku"]
[Date "2016.09.04"]
[Round "3.2"]
[White "Gauci, Joseph"]
[Black "Rios, Cristhian Camilo"]
[Result "0-1"]
[WhiteElo "2151"]
[BlackElo "2489"]
[PlyCount "77"]
[EventDate "2016.09.02"]
[EventType "team-swiss"]
[EventRounds "11"]
[EventCountry "AZE"]
[SourceTitle "CBM 175"]
[Source "ChessBase"]
[SourceDate "2016.11.10"]
[SourceVersion "1"]
[SourceVersionDate "2016.11.10"]
[SourceQuality "1"]
[WhiteTeam "Malta"]
[BlackTeam "Colombia"]
[WhiteTeamCountry "MLT"]
[BlackTeamCountry "COL"]

1. d4 Nf6 2. Nf3 e6 3. g3 b5 4. Bg2 d5 5. 0-0 c5 6. c3 Nbd7 7. Bg5 h6 8. Bxf6 Nxf6 9. Nbd2 Bb7 10. dxc5 Bxc5 11. b4 Bb6 12. Nd4 Qd7 13. a4 bxa4 14. Qxa4 Qxa4 15. Rxa4 Rc8 16. Ra3 Ke7 17. e3 Rb8 18. c4 dxc4 19. Nxc4 Nd5 20. Nxb6 axb6 21. Rc1 Ra8 22. Rxa8 Bxa8 23. b5 Kd6 24. e4 Ne7 25. f4 Kd7 26. e5 Bxg2 27. Kxg2 Ra8 28. Kf3 Ra3+ 29. Ke2 Nd5 30. Kd2 Nb4 31. Rc3 Ra2+ 32. Nc2 Nd5 33. Ra3 Rb2 34. Ra7+ Nc7 35. Kc3 Rxb5 36. Nd4 Rc5+ 37. Kb4 Kc8 38. Kb3 Kb8 39. Ra1 0-1

[Event "Olympiad-40"]
[Site "Istanbul"]
[Date "2012.08.30"]
[Round "3.2"]
[White "Nguyen, Ngoc Truong Son"]
[Black "Gauci, Joseph"]
[Result "1-0"]
[WhiteElo "2639"]
[BlackElo "2133"]
[PlyCount "73"]
[EventDate "2012.08.28"]
[EventType "team-swiss"]
[EventRounds "11"]
[EventCountry "TUR"]
[SourceTitle "CBM 151"]
[Source "ChessBase"]
[SourceDate "2012.11.13"]
[SourceVersion "1"]
[SourceVersionDate "2012.11.13"]
[SourceQuality "1"]
[WhiteTeam "Vietnam"]
[BlackTeam "Malta"]
[WhiteTeamCountry "VIE"]
[BlackTeamCountry "MLT"]

1. d4 Nf6 2. c4 g6 3. g3 Bg7 4. Bg2 d5 5. cxd5 Nxd5 6. Nf3 0-0 7. 0-0 Nb6 8. Nc3 Nc6 9. d5 Na5 10. e4 c6 11. Bf4 cxd5 12. Nxd5 Nxd5 13. exd5 Nc4 14. b3 Nd6 15. Rc1 Bf5 16. Qe2 Re8 17. Ne5 Rc8 18. g4 Bd7 19. a4 a6 20. h3 Kf8 21. Qe3 Bxe5 22. Bxe5 f6 23. Bd4 Rxc1 24. Rxc1 b5 25. Bb6 Qb8 26. Bc7 Qb7 27. Bxd6 exd6 28. Qf4 Qb8 29. Qxf6+ Kg8 30. a5 Rf8 31. Qd4 Rc8 32. Rxc8+ Qxc8 33. Qb6 Qc1+ 34. Bf1 Be8 35. Qxa6 Qd1 36. Qc8 Kf7 37. a6 1-0

[Event "Olympiad-39"]
[Site "Khanty-Mansiysk"]
[Date "2010.10.01"]
[Round "10.3"]
[White "Mungroo, Franklin"]
[Black "Gauci, Joseph"]
[Result "0-1"]
[WhiteElo "2156"]
[BlackElo "2099"]
[PlyCount "92"]
[EventDate "2010.09.21"]
[EventType "team-swiss"]
[EventRounds "11"]
[EventCountry "RUS"]
[SourceTitle "CBM 139"]
[Source "ChessBase"]
[SourceDate "2010.11.18"]
[SourceVersion "1"]
[SourceVersionDate "2010.11.18"]
[SourceQuality "1"]
[WhiteTeam "Surinam"]
[BlackTeam "Malta"]
[WhiteTeamCountry "SUR"]
[BlackTeamCountry "MLT"]

1. e4 c5 2. d4 cxd4 3. c3 Nf6 4. e5 Nd5 5. cxd4 e6 6. Nc3 Nxc3 7. bxc3 d6 8. Nf3 Nc6 9. Bf4 dxe5 10. Nxe5 Nxe5 11. Bxe5 Qa5 12. Qb3 Bd7 13. Be2 Ba4 14. Qb2 Bc6 15. 0-0 Be7 16. c4 f6 17. Bf4 0-0 18. Rad1 Rad8 19. Be3 Kh8 20. f4 f5 21. Bf3 Bxf3 22. Rxf3 Rd7 23. Bf2 Bf6 24. Qb3 Rfd8 25. Rfd3 Bxd4 26. Bxd4 Rxd4 27. h3 Rxd3 28. Rxd3 Rxd3 29. Qxd3 h6 30. Qd7 Qc5+ 31. Kh1 Qxc4 32. Qxb7 Qf1+ 33. Kh2 Qxf4+ 34. Kh1 Qe3 35. a4 Kh7 36. Qd7 Qe1+ 37. Kh2 Qe5+ 38. Kh1 a5 39. Kg1 Qd5 40. Qf7 Qd1+ 41. Kh2 Qxa4 42. Qxe6 Qe4 43. Qd6 a4 44. Qc5 f4 45. h4 f3 46. gxf3 Qxh4+ 0-1

[Event "EU Small Countries ol"]
[Site "Andorra"]
[Date "2009.06.25"]
[Round "6"]
[White "Gauci, Joseph"]
[Black "Wagner, Steven"]
[Result "1/2-1/2"]
[WhiteElo "2093"]
[BlackElo "2139"]
[PlyCount "35"]
[EventDate "2009.06.21"]
[EventType "team"]
[EventRounds "9"]
[EventCountry "AND"]
[SourceTitle "CBM 130 Extra"]
[Source "ChessBase"]
[SourceDate "2009.07.02"]
[SourceVersion "2"]
[SourceVersionDate "2009.07.15"]
[SourceQuality "1"]

1. Nf3 d5 2. d4 Bf5 3. Bf4 e6 4. e3 Nf6 5. Bd3 Bg6 6. 0-0 Bd6 7. Bxd6 Qxd6 8. Ne5 Nbd7 9. f4 c6 10. Nd2 c5 11. Nxd7 Nxd7 12. Bxg6 hxg6 13. c3 cxd4 14. cxd4 Qb4 15. Nb3 Rc8 16. Rc1 0-0 17. Qd2 Qxd2 18. Nxd2 1/2-1/2

[Event "Olympiad-37"]
[Site "Turin"]
[Date "2006.05.29"]
[Round "8"]
[White "Mazara Ruiz, Adan Manuel"]
[Black "Gauci, Joseph"]
[Result "1/2-1/2"]
[WhiteElo "2189"]
[BlackElo "2098"]
[PlyCount "60"]
[EventDate "2006.05.21"]
[EventType "team-swiss"]
[EventRounds "13"]
[EventCountry "ITA"]
[SourceTitle "CBM 113"]
[Source "ChessBase"]
[SourceDate "2006.07.31"]
[SourceVersion "1"]
[SourceVersionDate "2006.07.31"]
[SourceQuality "1"]
[WhiteTeam "Dominican Rep"]
[BlackTeam "Malta"]
[WhiteTeamCountry "DOM"]
[BlackTeamCountry "MLT"]

1. d4 Nf6 2. Nf3 g6 3. c4 Bg7 4. Nc3 d5 5. cxd5 Nxd5 6. Bd2 0-0 7. e4 Nb6 8. Be3 Bg4 9. a4 a5 10. Be2 Nc6 11. d5 Nb4 12. Qb3 Bxf3 13. gxf3 c6 14. dxc6 bxc6 15. 0-0 Rb8 16. Rfd1 Qc7 17. Rac1 Qe5 18. Rd2 Qf6 19. Qd1 Qh4 20. Kh1 Bh6 21. Qg1 Bxe3 22. fxe3 e5 23. Rd6 Rfd8 24. Rcd1 Qe7 25. R6d2 Rxd2 26. Rxd2 Rd8 27. Qd1 Rxd2 28. Qxd2 Qd7 29. Qxd7 Nxd7 30. Kg2 Nb6 1/2-1/2

[Event "Olympiad-37"]
[Site "Turin"]
[Date "2006.05.27"]
[Round "6"]
[White "Gauci, Joseph"]
[Black "Volpinari, Danilo"]
[Result "1/2-1/2"]
[WhiteElo "2098"]
[BlackElo "2036"]
[PlyCount "66"]
[EventDate "2006.05.21"]
[EventType "team-swiss"]
[EventRounds "13"]
[EventCountry "ITA"]
[SourceTitle "CBM 113"]
[Source "ChessBase"]
[SourceDate "2006.07.31"]
[SourceVersion "1"]
[SourceVersionDate "2006.07.31"]
[SourceQuality "1"]
[WhiteTeam "Malta"]
[BlackTeam "San Marino"]
[WhiteTeamCountry "MLT"]
[BlackTeamCountry "SMR"]

1. Nf3 g6 2. g3 Bg7 3. Bg2 d6 4. d4 Nf6 5. 0-0 0-0 6. c4 c6 7. Nc3 Qc7 8. e4 e5 9. dxe5 dxe5 10. Qc2 Be6 11. b3 h6 12. Ba3 Rd8 13. Rad1 Na6 14. Qc1 Kh7 15. Rfe1 Ne8 16. h3 f6 17. Bf1 b6 18. Re3 Nd6 19. Na4 Nb7 20. Red3 Bf8 21. Bxf8 Rxf8 22. R3d2 Kg7 23. Qc3 Nac5 24. Nxc5 Nxc5 25. Qe3 a5 26. a3 Rfd8 27. b4 axb4 28. axb4 Nb7 29. Nh2 Rxd2 30. Rxd2 Ra1 31. Ng4 g5 32. Qc3 Rb1 33. Kg2 Bxg4 1/2-1/2

[Event "Olympiad-37"]
[Site "Turin"]
[Date "2006.05.24"]
[Round "4"]
[White "Gauci, Joseph"]
[Black "Rombaldoni, Denis"]
[Result "0-1"]
[WhiteElo "2098"]
[BlackElo "2322"]
[PlyCount "92"]
[EventDate "2006.05.21"]
[EventType "team-swiss"]
[EventRounds "13"]
[EventCountry "ITA"]
[SourceTitle "CBM 113"]
[Source "ChessBase"]
[SourceDate "2006.07.31"]
[SourceVersion "1"]
[SourceVersionDate "2006.07.31"]
[SourceQuality "1"]
[WhiteTeam "Malta"]
[BlackTeam "Italy II"]
[WhiteTeamCountry "MLT"]
[BlackTeamCountry "ITA"]

1. Nf3 Nf6 2. d4 e6 3. g3 b5 4. a4 b4 5. c4 c5 6. Bg2 Bb7 7. 0-0 Be7 8. Nbd2 0-0 9. b3 cxd4 10. Nxd4 Bxg2 11. Kxg2 Qb6 12. Bb2 Nc6 13. Nxc6 Qxc6+ 14. Kg1 Rfd8 15. Rc1 Qb7 16. Qc2 Rac8 17. Qb1 h5 18. Bxf6 Bxf6 19. Qe4 d5 20. Qf3 Bg5 21. e3 g6 22. Rc2 Qd7 23. Rfc1 d4 24. Ne4 Be7 25. exd4 Qxd4 26. Rd2 Qe5 27. Rcd1 Rxd2 28. Nxd2 Rd8 29. Nf1 Rxd1 30. Qxd1 Bc5 31. Qf3 Qb2 32. Kg2 Bd4 33. h3 Qc2 34. g4 hxg4 35. hxg4 Bc3 36. c5 Qxb3 37. c6 Qc4 38. Ne3 Qc5 39. Nd1 Bd4 40. Qe4 e5 41. f4 b3 42. fxe5 Qc2+ 43. Nf2 Qxf2+ 44. Kh3 Qf1+ 45. Kh4 Bf2+ 46. Kg5 Qc1+ 0-1

[Event "Olympiad-37"]
[Site "Turin"]
[Date "2006.05.22"]
[Round "2"]
[White "Soto Paez, Oliver de la Trinid"]
[Black "Gauci, Joseph"]
[Result "1-0"]
[WhiteElo "2293"]
[BlackElo "2098"]
[PlyCount "101"]
[EventDate "2006.05.21"]
[EventType "team-swiss"]
[EventRounds "13"]
[EventCountry "ITA"]
[SourceTitle "CBM 113"]
[Source "ChessBase"]
[SourceDate "2006.07.31"]
[SourceVersion "1"]
[SourceVersionDate "2006.07.31"]
[SourceQuality "1"]
[WhiteTeam "Venezuela"]
[BlackTeam "Malta"]
[WhiteTeamCountry "VEN"]
[BlackTeamCountry "MLT"]

1. e4 c5 2. Nf3 d6 3. d4 cxd4 4. Nxd4 Nf6 5. Nc3 a6 6. Bg5 e6 7. f4 Be7 8. Qf3 Qc7 9. 0-0-0 Nbd7 10. g4 b5 11. Bxf6 Nxf6 12. g5 Nd7 13. a3 Rb8 14. h4 b4 15. axb4 Rxb4 16. Bh3 Qc5 17. Nb3 Qb6 18. Rhe1 0-0 19. h5 Nc5 20. Nd2 Bb7 21. Bf1 Rc8 22. Qe3 Qc7 23. Re2 Na4 24. Ndb1 Nxb2 25. Rde1 Na4 26. Nxa4 Rxa4 27. Qb3 Rc4 28. g6 Bxe4 29. gxf7+ Kxf7 30. Rxe4 Rxc2+ 31. Kd1 d5 32. Re5 Bf6 33. Bd3 Rf2 34. Qa3 Be7 35. Qc3 Qxc3 36. Nxc3 Rxc3 37. Bxh7 Rxf4 38. Bg6+ Kf8 39. Rxe6 Rc7 40. Rxa6 Rc8 41. Rae6 Rc7 42. R1e5 Rf6 43. Rxf6+ gxf6 44. Rxd5 Rc8 45. Ke2 Rd8 46. Ra5 Rd6 47. h6 Kg8 48. Ra7 Bd8 49. Rf7 f5 50. h7+ Kh8 51. Rf8+ 1-0

[Event "Olympiad-37"]
[Site "Turin"]
[Date "2006.05.21"]
[Round "1"]
[White "Valerga, Diego"]
[Black "Gauci, Joseph"]
[Result "1-0"]
[WhiteElo "2470"]
[BlackElo "2098"]
[PlyCount "81"]
[EventDate "2006.05.21"]
[EventType "team-swiss"]
[EventRounds "13"]
[EventCountry "ITA"]
[SourceTitle "CBM 113"]
[Source "ChessBase"]
[SourceDate "2006.07.31"]
[SourceVersion "1"]
[SourceVersionDate "2006.07.31"]
[SourceQuality "1"]
[WhiteTeam "Argentina"]
[BlackTeam "Malta"]
[WhiteTeamCountry "ARG"]
[BlackTeamCountry "MLT"]

1. e4 c5 2. Nf3 d6 3. d4 cxd4 4. Nxd4 Nf6 5. Nc3 a6 6. a4 g6 7. Be2 Bg7 8. 0-0 0-0 9. Be3 Nc6 10. Qd2 Ng4 11. Bxg4 Bxg4 12. Nd5 Rc8 13. a5 Nxd4 14. Bxd4 Bxd4 15. Qxd4 Be6 16. Ne3 Qc7 17. c3 Qc5 18. Qd2 Qe5 19. Ra4 f5 20. exf5 gxf5 21. Re1 Qf6 22. Rf4 Rc5 23. c4 Re5 24. g3 Re4 25. Nd5 Rxe1+ 26. Qxe1 Bxd5 27. cxd5 Qe5 28. Qd2 Rc8 29. Rf3 Kh8 30. Re3 Qf6 31. Re6 Qf7 32. b4 Rc4 33. Qe1 Rc7 34. Qe3 f4 35. Qd4+ Kg8 36. Re4 Rc1+ 37. Kg2 f3+ 38. Kh3 Qh5+ 39. Rh4 Qe5 40. Qg4+ Qg7 41. Qf4 1-0